ARRUPE JESUIT UNIVERSITY

CORONAVIRUS -STOP THE SPREAD - CLEAN,DISINFECT,COVER

Reforming the liturgy : (Record no. 118475)

MARC details
000 -LEADER
fixed length control field 01416cam a22002894a 4500
001 - CONTROL NUMBER
control field 15343862
003 - CONTROL NUMBER IDENTIFIER
control field ARRUPE
005 - DATE AND TIME OF LATEST TRANSACTION
control field 20131028174256.0
008 - FIXED-LENGTH DATA ELEMENTS--GENERAL INFORMATION
fixed length control field 080625s2008 mnu b 001 0 eng
010 ## - LIBRARY OF CONGRESS CONTROL NUMBER
LC control number 2008028273
020 ## - INTERNATIONAL STANDARD BOOK NUMBER
International Standard Book Number 9780814662199 (pbk.)
040 ## - CATALOGING SOURCE
Original cataloging agency DLC
Transcribing agency DLC
Modifying agency DLC
050 00 - LIBRARY OF CONGRESS CALL NUMBER
Classification number BX1975
Item number .B35 2008
300 ## - PHYSICAL DESCRIPTION
Dimensions 23 cm.
100 1# - MAIN ENTRY--PERSONAL NAME
Personal name Baldovin, John F.
Fuller form of name (John Francis),
Dates associated with a name 1947-
9 (RLIN) 3064
245 10 - TITLE STATEMENT
Title Reforming the liturgy :
Remainder of title a response to the critics /
Statement of responsibility, etc John Baldovin.
260 ## - PUBLICATION, DISTRIBUTION, ETC. (IMPRINT)
Place of publication, distribution, etc Collegeville, Minn. :
Name of publisher, distributor, etc Liturgical Press,
Date of publication, distribution, etc c2008.
300 ## - PHYSICAL DESCRIPTION
Extent xi, 188 p. ;
500 ## - GENERAL NOTE
General note "A Pueblo book."
504 ## - BIBLIOGRAPHY, ETC. NOTE
Bibliography, etc Includes bibliographical references (p. 174-183) and index.
505 0# - FORMATTED CONTENTS NOTE
Formatted contents note Introduction -- The philosophical critique -- The historical basis of the reform -- A theological critique -- Liturgy as ritual : the critique from sociology and anthropology -- Major issues -- Conclusion: A way forward -- Appendix: Berakah response : the uses of liturgical history.
610 20 - SUBJECT ADDED ENTRY--CORPORATE NAME
Corporate name or jurisdiction name as entry element Catholic Church
General subdivision Liturgy
-- History
Chronological subdivision 20th century.
9 (RLIN) 3065
650 #0 - SUBJECT ADDED ENTRY--TOPICAL TERM
Topical term or geographic name as entry element Liturgical movement
General subdivision Catholic Church
-- History
Chronological subdivision 20th century.
9 (RLIN) 3066
856 41 - ELECTRONIC LOCATION AND ACCESS
Materials specified Table of contents only
Uniform Resource Identifier <a href="http://www.loc.gov/catdir/toc/ecip0822/2008028273.html">http://www.loc.gov/catdir/toc/ecip0822/2008028273.html</a>
906 ## - LOCAL DATA ELEMENT F, LDF (RLIN)
a 7
b cbc
c orignew
d 1
e ecip
f 20
g y-gencatlg
942 ## - ADDED ENTRY ELEMENTS (KOHA)
Source of classification or shelving scheme Library of Congress Classification
Koha item type Monograph ( Printed materials)
Holdings
Withdrawn status Lost status Source of classification or shelving scheme Damaged status Not for loan Collection code Home library Current library Shelving location Date acquired Total Checkouts Full call number Barcode Date last seen Price effective from Koha item type
    Library of Congress Classification     Main Collection ARRUPE LIBRARY ARRUPE LIBRARY Main Collection 28/10/2013   BX1975 .B35 2008 46411146 22/11/2017 28/10/2013 Monograph ( Printed materials)

 

Arrupe Library. PO Box MP320 Mt Pleasant, Harare, Zimbabwe
263 242 745411|librarian@aju.ac.zw